Landlocked US States with International Borders Quiz Stats

 Plays Quiz Updated Jun 5, 2019

Score 0/10 Timer 01:30
39 Plays Today
% Correct
Montana
94.4%
North Dakota
93.8%
Idaho
88.4%
Minnesota
87.7%
New Mexico
86.3%
Michigan
84.9%
Arizona
84.4%
Vermont
82.2%
Ohio
68.8%
Pennsylvania
58.3%

You're not logged in!

Compare scores with friends on all Sporcle quizzes.
OR
Log In

Show Comments

Extras

Top Quizzes Today


Score Distribution

Your Account Isn't Verified!

In order to create a playlist on Sporcle, you need to verify the email address you used during registration. Go to your Sporcle Settings to finish the process.

Report this User

Report this user for behavior that violates our Community Guidelines.

Details: